Telecommunications : protocols and design

Αποθηκεύτηκε σε:
Λεπτομέρειες βιβλιογραφικής εγγραφής
Κύριος συγγραφέας: Spragins, John D.
Άλλοι συγγραφείς: Hammond, Joseph L., Pawlikowski, Krzysztof
Μορφή: Βιβλίο
Γλώσσα:English
Δημοσίευση: Reading, Mass. : Addison-Wesley Pub. Co., c1991
Θέματα:
Ετικέτες: Προσθήκη ετικέτας
Δεν υπάρχουν, Καταχωρήστε ετικέτα πρώτοι!

MARC

LEADER 00000cam a2200000 i 4500
001 1/39914
008 971111s1991 eng d
020 |a 0201092905 
035 |l 10041125 
035 |a 1997  |c ΔΩΡΕΑ ΤΖΑΦΕΡΗ 
040 |a GR-MY-UA  |b gre  |e aacr 
041 0 |a eng 
082 0 |a 621.382 
100 1 |a Spragins, John D. 
245 1 0 |a Telecommunications :  |b protocols and design /  |c John D. Spragins, Joseph L. Hammond, Krzysztof Pawlikowski 
260 |a Reading, Mass. :   |b Addison-Wesley Pub. Co.,   |c c1991 
300 |a xix, 716 p.;  |b ill.;  |c 25 cm. 
500 |a Includes bibliographical references (p. 657-701) and index 
650 0 0 |a Computer networks. 
650 0 0 |a Computer network protocols. 
700 1 |a Hammond, Joseph L. 
700 1 |a Pawlikowski, Krzysztof. 
852 |a INST  |b SAMOS  |e 19971111  |h 621.382 SPR  |p 005300008540  |q 005300008540  |t BK  |y 0 
901 |a BIBL-1997-2 
909 |a Σ  |b 050537